Código penal de la Nación Argentina : comentado - concordado -doctrina -jurisprudencia - modelos. Tomo I /

Guardado en:
Autor Corporativo: Argentina
Formato: Libro
Idioma:Spanish
Publicado: Bahía Blanca : Induvio, 2023.
Edición:1a. ed.
Materias:
Etiquetas: Agregar Etiqueta
Sin Etiquetas, Sea el primero en etiquetar este registro!
LEADER 00675nam a22002055a 4500
001 DER.der014985
008 240529s2023####ag############000#0#spa#d
005 20240530155238.0
245 1 0 |a Código penal de la Nación Argentina :  |b comentado - concordado -doctrina -jurisprudencia - modelos. Tomo I /  |c Facundo M. Rojo. 
250 |a 1a. ed. 
260 |a Bahía Blanca :  |b Induvio,  |c 2023. 
300 |a 437 p. 
505 0 |a Arts 1º a 161º -- Incluye ley 27.610 
020 |a 9789871519189 
240 1 0 |a Código penal (1921) 
710 1 |a Argentina  |t Código Penal. 
082 0 4 |a 345 
651 7 |a Argentina 
653 |a Código Penal 
859 |a DERECHO  |b BIB. DERECHO  |h 348.023  |i COD  |p 0010321